El poder del "cuarto poder" política y medios en la postansición democrática /

Las teorías sobre la comunicación masiva han oscilado desde una posición extrema, según la cual los medios construyen el entorno en el que nos movemos hasta otra según la cual se influencia está muy condicionada por factores sociales tales como las características culturales de los receptores. Tal v...

Full description

Bibliographic Details
Main Author: Muraro, Heriberto
Format: Libro
Language:Spanish
Published: Viña del Mar, Chile Universidad de Viña del Mar 2005
Subjects:

MARC

LEADER 00000cam a2200000 a 4500
001 031860
003 UAHC_CL
005 20170803123420.0
008 060526s2000 cl j 000 1 spa
040 |a UAHC_CL  |c UAHC_CL  |d UAHC_CL 
100 1 |a Muraro, Heriberto 
245 1 3 |a El poder del "cuarto poder" política y medios en la postansición democrática /  |c Heriberto Muraro. 
260 |b Universidad de Viña del Mar  |a Viña del Mar, Chile  |c 2005 
300 |a p. 11-27 
500 |a En: Estudios de Periodismo y Relaciones Públicas. Año V, no. 5, 2005. pp. 11-27. ISSN: 0718-1205. 
520 |a Las teorías sobre la comunicación masiva han oscilado desde una posición extrema, según la cual los medios construyen el entorno en el que nos movemos hasta otra según la cual se influencia está muy condicionada por factores sociales tales como las características culturales de los receptores. Tal vez sea tarea infructuosa intentar determinar cuál es el efecto de los medios sobre nuestra visión del mundo pero ello no quita que tratemos de indagar sobre el peso de su influencia en comparación con el de los políticos. 
650 4 |a COMUNICACION Y POLITICA 
653 |a PERIODISMO 
900 |a ESTUD. PERIODIS. RELAC. PUBLICAS-05/05 
942 |c BK 
999 |c 31860  |d 31860